Jejaka Idaman

Bibliographic Details
Main Author: Julia Unggai
Format: Book
Published: Kuala Lumpur : Berita Publishing , 1994
Subjects:

MARC

LEADER 00000cam a2200000 7i4500
001 0000003053
005 20050422.0
020 |a 9679693198 
040 |a INS 
090 0 0 |a PL5192.J4   |b J442 1994 
100 1 |a Julia Unggai 
245 1 0 |a Jejaka Idaman   |c Julia Unggai 
260 |a Kuala Lumpur :   |b Berita Publishing ,   |c 1994 
300 |a 180p ;   |c 17cm. 
650 0 0 |a Malay fiction 
999 |a 0000006076   |b BOOK   |c Open Shelf   |e Default branch